000 00586nam a22002057a 4500
003 OSt
005 20140310182952.0
008 130206t xxu||||| |||| 00| 0 eng d
020 _a971542483X
050 _aPL 5539
_b.V468 2005
082 _aFIL 899.2103092
_b.V468 2005
245 _aA literary journey with Gilda Cordero - Fernando
_cVentura, Sylvia Mendez
260 _aQuezon City
_bUniversity of the Philippines Press
_cc2005
300 _a171 p.
_c24 cm.
521 _acollege students
526 _c1210L-1700L
541 _j1
562 _e1
942 _2lcc
_cBK
_kFIL
999 _c17920
_d17920